[Event "33rd Leon Blitz Open 2020"]
[Site "chess.com INT"]
[Date "2020.07.14"]
[Round "1"]
[White "Erigaisi, Arjun"]
[Black "Gurevich, Dmitry"]
[Result "1-0"]
[WhiteTitle "GM"]
[BlackTitle "GM"]
[WhiteElo "2559"]
[BlackElo "2399"]
[WhiteFideId "35009192"]
[BlackFideId "2000407"]
[EventDate "2020.07.14"]
[EventType "blitz"]

1. c4 e6 2. Nf3 d5 3. e3 Nf6 4. b3 Be7 5. Bb2 O-O 6. Qc2 c5 7. Rg1 Nc6 8. g4 d4
9. exd4 cxd4 10. g5 Nh5 11. Qe4 e5 12. Na3 g6 13. Qd5 Bf5 14. Qxd8 Rfxd8 15. Nh4
Be6 16. O-O-O Nf4 17. Nc2 a5 18. a3 Nh3 19. Bxh3 Bxh3 20. d3 Rac8 21. Rde1 Re8
22. Kd2 Bd6 23. Re4 Be6 24. Rge1 b5 25. cxb5 Na7 26. b6 Nb5 27. Rxe5 Bxe5 28.
Rxe5 Bxb3 29. Rxe8+ Rxe8 30. Nxd4 Nxd4 31. Bxd4 Bd5 32. Bc3 a4 33. Bb4 f6 34.
gxf6 Kf7 35. Bc3 Rb8 36. Bd4 Rd8 37. Kc3 Rc8+ 38. Kb4 Rd8 39. f4 h6 40. f5 g5
41. Ng6 Bf3 42. Ne5+ Kxf6 43. Nxf3+ Kxf5 44. Bc5 h5 45. Nd4+ Kf4 46. Ne6+ 1-0

[Event "33rd Leon Blitz Open 2020"]
[Site "chess.com INT"]
[Date "2020.07.14"]
[Round "1"]
[White "Perrine, Dalton"]
[Black "Bernadskiy, Vitaliy"]
[Result "0-1"]
[WhiteTitle "FM"]
[BlackTitle "GM"]
[WhiteElo "2247"]
[BlackElo "2629"]
[WhiteFideId "2048434"]
[BlackFideId "14100371"]
[EventDate "2020.07.14"]
[EventType "blitz"]

1. d4 Nf6 2. c4 g6 3. Nc3 Bg7 4. e4 O-O 5. f4 c5 6. d5 d6 7. Bd3 e6 8. dxe6 Bxe6
9. f5 Bd7 10. Nf3 Bc6 11. O-O Nbd7 12. Bg5 Qb6 13. Qd2 Rae8 14. Rae1 Ng4 15. h3
Nge5 16. Nxe5 Bxe5 17. f6 Re6 18. Nd5 Qxb2 19. Qxb2 Bxb2 20. Ne7+ Kh8 21. Bh6
Bxf6 22. Bxf8 Nxf8 23. Nxc6 bxc6 24. Rb1 Kg7 25. Rb7 Re7 26. Rfb1 a5 27. Rxe7
Bxe7 28. Rb6 Kf6 29. Rxc6 Ke5 30. Ra6 Bd8 31. Kf2 Ne6 32. g3 h5 33. h4 g5 34.
hxg5 Nxg5 35. Ke2 Ne6 36. Ra8 Kd4 37. Ra7 Bc7 38. a4 Kc3 39. Rb7 Bd8 40. Rxf7
Nd4+ 41. Ke3 Bg5+ 42. Kf2 Kxd3 43. Rd7 Kxe4 44. Rxd6 Kd3 45. Rd5 Be3+ 46. Kg2
Kxc4 47. Rxh5 Kb4 48. g4 c4 49. g5 Ne6 50. Rh6 Nxg5 51. Rc6 c3 52. Kf1 Nf3 53.
Rc8 Nd4 54. Ke1 c2 0-1

[Event "33rd Leon Blitz Open 2020"]
[Site "chess.com INT"]
[Date "2020.07.14"]
[Round "1"]
[White "Mikhalevski, Victor"]
[Black "Grunberg, Mihai-Lucian"]
[Result "0-1"]
[WhiteTitle "GM"]
[BlackTitle "IM"]
[WhiteElo "2565"]
[BlackElo "2401"]
[WhiteFideId "2801914"]
[BlackFideId "1204149"]
[EventDate "2020.07.14"]
[EventType "blitz"]

1. Nf3 Nf6 2. g3 g6 3. Bg2 Bg7 4. d4 O-O 5. O-O d5 6. c4 c6 7. Qb3 Qb6 8. Nc3
Bg4 9. Ne5 Be6 10. c5 Qxb3 11. axb3 Nbd7 12. f4 Nxe5 13. fxe5 Ne4 14. Nxe4 dxe4
15. Bxe4 Bxb3 16. Ra3 Bc4 17. Bf3 f6 18. exf6 Bxf6 19. Rd1 Rfd8 20. e3 e5 21.
dxe5 Rxd1+ 22. Bxd1 Bxe5 23. Bf3 a5 24. b3 Bb5 25. Bd2 a4 26. Bb4 Bb2 27. Ra2 a3
28. Kf2 Bd3 29. Be2 Bb1 30. Bc4+ Kf8 31. Bxa3 Bxa3 32. Ra1 Be4 33. Ke2 Bd5 34.
Bxd5 cxd5 35. Kd3 Ra5 36. e4 dxe4+ 37. Kxe4 Ke7 38. Kd3 Bb4 39. Rf1 Rxc5 40. Rf4
Rc3+ 41. Kd2 Rxb3+ 42. Kc2 Rc3+ 43. Kb2 Ba5 44. Re4+ Kd6 45. Rd4+ Kc6 46. Rh4 h5
47. Rf4 Rd3 48. Kc2 Rd6 49. Kb3 b5 50. Rf8 Rd3+ 51. Kc2 Rd2+ 52. Kb3 Rxh2 53.
Rf6+ Kc5 54. Rxg6 Bc7 55. Rg5+ Kc6 56. Rg6+ Bd6 57. Kc3 Rh3 58. Kd4 Rxg3 59. Rh6
Rg4+ 0-1

[Event "33rd Leon Blitz Open 2020"]
[Site "chess.com INT"]
[Date "2020.07.14"]
[Round "1"]
[White "Kulkarni, Rakesh"]
[Black "Rohith, Krishna S"]
[Result "0-1"]
[WhiteTitle "IM"]
[BlackTitle "FM"]
[WhiteElo "2321"]
[BlackElo "2304"]
[WhiteFideId "5037077"]
[BlackFideId "46617051"]
[EventDate "2020.07.14"]
[EventType "blitz"]

1. e4 e5 2. Nf3 Nc6 3. d4 exd4 4. Nxd4 Bc5 5. Nb3 Bb6 6. Nc3 d6 7. Qe2 Nf6 8.
Be3 O-O 9. O-O-O Be6 10. f3 Re8 11. g4 Nd7 12. h4 Nde5 13. h5 Bc4 14. Qf2 Bxf1
15. Rdxf1 Bxe3+ 16. Qxe3 a5 17. a3 Nc4 18. Qd3 Nb6 19. f4 a4 20. Nd4 Na5 21. g5
c5 22. Nf5 Nac4 23. g6 fxg6 24. hxg6 hxg6 25. Qh3 gxf5 26. Qh7+ Kf8 27. Rfg1 Qf6
28. Rg5 Ne3 29. Rg6 Qf7 30. Rxd6 Nbc4 31. Rd3 Rad8 32. Nd5 Nxd5 33. exd5 Qf6 34.
c3 Kf7 35. Qh5+ g6 36. Qf3 Rh8 37. Re1 Qb6 38. Qg2 Rd6 39. Rg3 Qc7 40. Qe2 Nb6
41. Re3 Nxd5 42. Re6 Rhd8 43. Qe5 Rxe6 44. Qxe6+ Kg7 45. Rg1 Qxf4+ 46. Kb1 Qe4+
47. Qxe4 fxe4 48. Kc2 Ne3+ 49. Kc1 Kf6 50. Re1 Rd3 51. Kb1 g5 52. Ka2 g4 53. c4
g3 54. b3 Rd2+ 55. Ka1 g2 0-1

[Event "33rd Leon Blitz Open 2020"]
[Site "chess.com INT"]
[Date "2020.07.14"]
[Round "1"]
[White "Sadhwani, Raunak"]
[Black "Manolache, Marius"]
[Result "1-0"]
[WhiteTitle "GM"]
[BlackTitle "GM"]
[WhiteElo "2545"]
[BlackElo "2541"]
[WhiteFideId "35093487"]
[BlackFideId "1201530"]
[EventDate "2020.07.14"]
[EventType "blitz"]

1. d4 Nf6 2. Bf4 d6 3. Nc3 g6 4. e4 Bg7 5. Qd2 Nbd7 6. O-O-O c6 7. Be2 e5 8.
dxe5 dxe5 9. Bxe5 O-O 10. Bd6 Re8 11. Bf3 Nb6 12. Bf4 Qxd2+ 13. Rxd2 Nc4 14. Rd1
Bg4 15. Nge2 Ne5 16. Bxg4 Nexg4 17. Bg3 Nxe4 18. Nxe4 Rxe4 19. Nc3 Re7 20. Rhe1
Rxe1 21. Rxe1 Bxc3 22. bxc3 Nf6 23. Re7 b6 24. c4 Kf8 25. Rc7 c5 26. f3 h5 27.
Rb7 Ne8 28. Bb8 Nf6 29. Bxa7 h4 30. Kb2 h3 31. gxh3 Ke8 32. Bxb6 Nd7 33. Bc7 Ra6
34. Bg3 Rf6 35. a4 Rxf3 36. a5 Rf6 37. Kb3 Kd8 38. Ka4 Kc8 39. Rc7+ Kd8 40. Kb5
Rf1 41. Rb7 Kc8 42. a6 Ra1 43. Rc7+ Kd8 44. a7 f5 45. Bd6 g5 46. Rb7 Rb1+ 47.
Kc6 Ne5+ 48. Bxe5 1-0

[Event "33rd Leon Blitz Open 2020"]
[Site "chess.com INT"]
[Date "2020.07.14"]
[Round "1"]
[White "Safin, Robert"]
[Black "Bjerre, Jonas Buhl"]
[Result "0-1"]
[WhiteTitle "FM"]
[BlackTitle "GM"]
[WhiteElo "2287"]
[BlackElo "2549"]
[WhiteFideId "34189120"]
[BlackFideId "1444948"]
[EventDate "2020.07.14"]
[EventType "blitz"]

1. d4 Nf6 2. Nf3 d5 3. c4 e6 4. g3 dxc4 5. Bg2 Bb4+ 6. Bd2 a5 7. Qc2 Bxd2+ 8.
Qxd2 c6 9. a4 Ne4 10. Qf4 Qb6 11. Ne5 f6 12. O-O fxe5 13. Qxe4 Qxd4 14. Na3 Nd7
15. Nxc4 Nf6 16. Qc2 O-O 17. Rfd1 Qc5 18. Ne3 Qxc2 19. Nxc2 e4 20. Ne3 e5 21.
Nc4 Be6 22. Nxe5 Rfd8 23. f4 Bb3 24. Rxd8+ Rxd8 25. Ra3 Be6 26. g4 Rd2 27. f5
Bd5 28. g5 Ne8 29. Rg3 Kf8 30. b3 Rxe2 31. Nd7+ Ke7 32. Nc5 Nd6 33. f6+ gxf6 34.
gxf6+ Kxf6 35. Rh3 Rc2 36. Nd7+ Ke6 37. Rxh7 Rc1+ 38. Bf1 e3 39. Nf8+ Ke5 40.
Re7+ Kd4 41. Nd7 Ne4 42. Kg2 Nd2+ 43. Kg3 Nxf1+ 44. Kh3 Nd2 45. Ne5 e2 46. Nxc6+
Bxc6 47. Rxe2 Ne4 0-1

[Event "33rd Leon Blitz Open 2020"]
[Site "chess.com INT"]
[Date "2020.07.14"]
[Round "1"]
[White "Chernikov, Vladimir"]
[Black "Kowalczyk, Pawel"]
[Result "0-1"]
[WhiteTitle "FM"]
[WhiteElo "2231"]
[BlackElo "2339"]
[WhiteFideId "14112914"]
[BlackFideId "1130641"]
[EventDate "2020.07.14"]
[EventType "blitz"]

1. c4 e5 2. Nc3 g6 3. e3 Bg7 4. d4 exd4 5. exd4 Nf6 6. Nf3 O-O 7. Be2 d5 8. O-O
Re8 9. Qb3 Nc6 10. cxd5 Ne7 11. Bb5 Bd7 12. Bc4 Nf5 13. Bg5 Nd6 14. Ne5 h6 15.
Bh4 g5 16. Bg3 a6 17. a4 Rb8 18. Bd3 Bf5 19. Bxf5 Nxf5 20. Nxf7 Qd7 21. Ne5 Qd6
22. Nc4 Qd8 23. Rad1 Kh8 24. Ne5 Kh7 25. Qc2 Qc8 26. h4 Kg8 27. hxg5 hxg5 28.
Bh2 b5 29. axb5 axb5 30. Ne4 Nxd5 31. Nxg5 Rb6 32. g4 Nh6 33. Qh7+ Kf8 34. Ng6+
Rxg6 35. Qxg6 Qxg4+ 36. Bg3 Qf5 37. Qxf5+ Nxf5 38. Nf3 Re2 39. Rfe1 Rxb2 40. Rb1
Rxb1 41. Rxb1 b4 42. Be5 Bh6 43. Ne1 Bd2 44. Nd3 Ke7 45. Kf1 Kd7 46. Rb3 Kc6 47.
Ke2 Bc3 48. Kd1 Kb5 49. Kc2 Kc4 50. Nb2+ Kb5 51. Nd1 Bxd4 52. Bh2 c5 53. Nb2 c4
54. Rf3 b3+ 55. Kb1 Nc3+ 56. Ka1 Ne7 57. Bd6 Ned5 58. Rf5 Kc6 59. Ba3 Na4 60.
Kb1 Ndc3+ 61. Kc1 Na2+ 62. Kb1 c3 63. Nxa4 c2# 0-1

[Event "33rd Leon Blitz Open 2020"]
[Site "chess.com INT"]
[Date "2020.07.14"]
[Round "1"]
[White "Fawzy, Adham"]
[Black "Bethke, Richard"]
[Result "1-0"]
[WhiteTitle "GM"]
[BlackTitle "FM"]
[WhiteElo "2467"]
[BlackElo "2332"]
[WhiteFideId "10613129"]
[BlackFideId "12959243"]
[EventDate "2020.07.14"]
[EventType "blitz"]

1. e4 c5 2. Nf3 d6 3. d4 cxd4 4. Nxd4 Nf6 5. Nc3 a6 6. Bg5 Nbd7 7. Qe2 h6 8. Bh4
e5 9. Nf5 g6 10. Ne3 Be7 11. O-O-O b5 12. Bg3 Bb7 13. f4 b4 14. Ncd5 Nxe4 15.
fxe5 Nxg3 16. hxg3 Nxe5 17. Nc4 Bxd5 18. Rxd5 Nxc4 19. Qxc4 O-O 20. Kb1 Bg5 21.
Bd3 Rc8 22. Qb3 Qf6 23. Rf1 Qe6 24. Bxa6 Ra8 25. Bc4 Qe7 26. Rdd1 Ra5 27. Qd3
Kg7 28. Qxd6 Qxd6 29. Rxd6 Re5 30. Rd7 Bf6 31. Rb7 Rg5 32. Rf3 h5 33. Rxb4 h4
34. Rbb3 Be5 35. gxh4 Rxg2 36. Rbe3 Bd4 37. Re4 Bc5 38. a3 f5 39. Re5 Bd4 40.
Rd5 Bf6 41. h5 gxh5 42. Rdxf5 h4 43. a4 Rg1+ 44. Ka2 Rg2 45. Bd3 Rf7 46. a5 Rg3
47. a6 Rxf3 48. Rxf3 Ra7 49. b4 Bd4 50. b5 Kh6 51. Rf4 Be3 52. Rxh4+ 1-0

[Event "33rd Leon Blitz Open 2020"]
[Site "chess.com INT"]
[Date "2020.07.14"]
[Round "1"]
[White "Sliwicka, Alicja"]
[Black "Gazik, Viktor"]
[Result "0-1"]
[WhiteTitle "WIM"]
[BlackTitle "IM"]
[WhiteElo "2317"]
[BlackElo "2502"]
[WhiteFideId "1150677"]
[BlackFideId "14928752"]
[EventDate "2020.07.14"]
[EventType "blitz"]

1. e4 c5 2. Nf3 d6 3. d4 cxd4 4. Nxd4 Nf6 5. f3 a6 6. c4 g6 7. Nc3 Bg7 8. Be3
O-O 9. Be2 Nc6 10. O-O Bd7 11. Qd2 Rc8 12. Rac1 Nxd4 13. Bxd4 Bc6 14. b4 b6 15.
Rfd1 Bb7 16. Bf1 a5 17. a3 Nd7 18. Be3 h5 19. Qf2 Qc7 20. Nb5 Qd8 21. c5 axb4
22. axb4 bxc5 23. bxc5 dxc5 24. Bxc5 Qe8 25. Ba3 Bc6 26. Nd4 Ne5 27. Nxc6 Rxc6
28. Rxc6 Nxc6 29. Qc5 Qa8 30. Kh1 Rc8 31. Qe3 e6 32. Bc5 Qa4 33. Rb1 Nd4 34. Bd6
Qc2 35. Bd3 Qc6 36. e5 Qd5 37. Be4 Qc4 38. Rd1 Nb5 39. h4 Qa4 40. Qd2 Nxd6 41.
exd6 f5 42. Bb7 Qxh4+ 43. Kg1 Rd8 44. f4 Qg3 45. Qe2 e5 46. Qc4+ Kh7 47. Qc7 Qh4
48. fxe5 Kh6 49. Qc1+ Kh7 50. Qc5 Qa4 51. e6 Qxd1+ 52. Kh2 Qxd6+ 0-1

[Event "33rd Leon Blitz Open 2020"]
[Site "chess.com INT"]
[Date "2020.07.14"]
[Round "1"]
[White "Sipila, Vilka"]
[Black "Novoselski, Zoran"]
[Result "0-1"]
[WhiteTitle "IM"]
[BlackTitle "IM"]
[WhiteElo "2402"]
[BlackElo "2318"]
[WhiteFideId "505455"]
[BlackFideId "901970"]
[EventDate "2020.07.14"]
[EventType "blitz"]

1. d4 e6 2. c4 f5 3. Nc3 Nf6 4. Bf4 b6 5. e3 Bb7 6. h3 Be7 7. Nf3 O-O 8. Bd3 Ne4
9. Qc2 Nxc3 10. bxc3 Bd6 11. Bxd6 cxd6 12. e4 fxe4 13. Bxe4 Bxe4 14. Qxe4 Nc6
15. O-O Na5 16. d5 e5 17. Rab1 Rf4 18. Qd3 Rxc4 19. Nd2 Rf4 20. g3 Rf6 21. Rbe1
Rc8 22. Kg2 Nb7 23. Ne4 Rh6 24. Qe3 Nc5 25. Ng5 Rg6 26. h4 h6 27. Nf3 Rf6 28.
Nd2 Qf8 29. c4 Qf7 30. Re2 Qg6 31. f3 Rcf8 32. Kh2 Qh5 33. Kg2 Rg6 34. Kh2 Rf4
35. Kh1 Rxg3 36. Rh2 Rxh4 37. Rf2 Rgh3 38. Nf1 e4 39. Rxh3 Rxh3+ 40. Rh2 exf3
41. Qf4 Nd3 42. Qe3 Ne5 43. Qf4 Ng4 44. Qxf3 Nxh2 45. Qxh5 Rxh5 46. Nxh2 Rh4 47.
Kg2 Rxc4 48. Nf3 Rc2+ 49. Kg3 Rxa2 50. Nd4 Ra3+ 51. Kf2 Rd3 52. Nf5 Kh7 53. Ne7
b5 54. Ke2 Rd4 55. Ke3 Rd1 56. Ke2 Rh1 57. Nc8 b4 58. Kd3 Rh3+ 59. Kc2 a5 60.
Nb6 h5 61. Nxd7 a4 62. Nb6 Rh2+ 63. Kb1 a3 64. Nc4 h4 65. Ka1 h3 66. Kb1 Rf2 67.
Kc1 h2 68. Nd2 h1=Q+ 69. Kc2 Qxd5 70. Kb1 Qxd2 71. Ka1 Qa2# 0-1

[Event "33rd Leon Blitz Open 2020"]
[Site "chess.com INT"]
[Date "2020.07.14"]
[Round "1"]
[White "Karas, Marek"]
[Black "Raja, Harshit"]
[Result "1-0"]
[WhiteTitle "FM"]
[BlackTitle "IM"]
[WhiteElo "2249"]
[BlackElo "2472"]
[WhiteFideId "14928558"]
[BlackFideId "5089000"]
[EventDate "2020.07.14"]
[EventType "blitz"]

1. d4 Nf6 2. Nf3 e6 3. Bf4 d5 4. e3 Bd6 5. Bg3 O-O 6. Bd3 c5 7. c3 Qc7 8. Nbd2
Nbd7 9. e4 cxd4 10. cxd4 Bxg3 11. hxg3 dxe4 12. Nxe4 Nxe4 13. Bxe4 Nf6 14. Bd3
Qa5+ 15. Qd2 Qxd2+ 16. Kxd2 b6 17. Rac1 Bb7 18. Rc7 Rab8 19. Rhc1 Nd5 20. Rd7
Rfd8 21. Rxd8+ Rxd8 22. Be4 h6 23. a3 Kf8 24. Ne5 f6 25. Nf3 Ke7 26. Bxd5 Bxd5
27. Rc7+ Rd7 28. Rxd7+ Kxd7 29. Ne1 Kc6 30. f3 g5 31. g4 Bc4 32. Nc2 Bb3 33. Ne3
Kd6 34. Kc3 Bd5 35. b4 Kc6 36. Nxd5 Kxd5 37. Kd3 b5 38. g3 f5 39. gxf5 exf5 40.
g4 Ke6 41. Ke3 Kf6 42. Kd3 Ke6 43. Ke3 Kd5 44. Kd3 a6 45. gxf5 h5 46. Ke3 h4 47.
Kf2 Kd6 48. Kg2 Ke7 49. d5 Kf7 50. d6 Kf6 51. Kh3 Kf7 52. Kg4 Kf6 53. f4 gxf4
54. Kxf4 h3 55. Kg3 Kxf5 56. d7 1-0

[Event "33rd Leon Blitz Open 2020"]
[Site "chess.com INT"]
[Date "2020.07.14"]
[Round "1"]
[White "Mohota, Nisha"]
[Black "Macovei, Andrei"]
[Result "0-1"]
[WhiteTitle "IM"]
[BlackTitle "IM"]
[WhiteElo "2195"]
[BlackElo "2453"]
[WhiteFideId "5004330"]
[BlackFideId "13904680"]
[EventDate "2020.07.14"]
[EventType "blitz"]

1. d4 Nf6 2. c4 e6 3. Nc3 Bb4 4. e3 O-O 5. Bd2 c5 6. a3 Bxc3 7. Bxc3 Ne4 8. Rc1
d6 9. Bd3 Nxc3 10. Rxc3 Qe7 11. Qc2 h6 12. Ne2 Nd7 13. O-O Nf6 14. Ng3 b6 15.
Ne4 Bb7 16. Nxf6+ Qxf6 17. Be4 Rab8 18. Bxb7 Rxb7 19. Qe4 Rd7 20. Rd1 d5 21.
cxd5 Rxd5 22. Rcd3 Rfd8 23. h4 cxd4 24. Rxd4 Rxd4 25. Rxd4 Rxd4 26. exd4 Qd8 27.
g3 g6 28. Qf4 h5 29. Qe5 Qd7 30. Kh2 Kf8 31. Qb8+ Ke7 32. Qe5 Qd6 33. Qg5+ Ke8
34. Qe3 Qc6 35. Qf4 a5 36. b4 a4 37. Qb8+ Ke7 38. Qf4 Qd6 39. Qg5+ Kd7 40. Qb5+
Qc6 41. Qe5 Qc4 42. Kg1 Kc6 43. Kh2 Qc2 44. Qf4 Qf5 45. Qc1+ Kd5 46. Qe3 Qe4 47.
Qg5+ Kc4 48. Qf6 Qf5 49. Qd8 Qxf2+ 50. Kh3 Qxd4 51. Qc7+ Kb3 52. Qxf7 Qd5 53.
Qxg6 Qh1# 0-1

[Event "33rd Leon Blitz Open 2020"]
[Site "chess.com INT"]
[Date "2020.07.14"]
[Round "1"]
[White "Muradli, Mahammad"]
[Black "Zia, Tahsin Tajwar"]
[Result "1-0"]
[WhiteTitle "IM"]
[BlackTitle "CM"]
[WhiteElo "2449"]
[BlackElo "2071"]
[WhiteFideId "13409301"]
[BlackFideId "10211888"]
[EventDate "2020.07.14"]
[EventType "blitz"]

1. d4 Nf6 2. c4 c5 3. d5 b5 4. cxb5 a6 5. bxa6 g6 6. Nc3 Bg7 7. e4 O-O 8. a7
Rxa7 9. Nf3 d6 10. Be2 Ba6 11. O-O Qb6 12. Re1 Bxe2 13. Rxe2 Nfd7 14. Bf4 Na6
15. Rb1 Rb8 16. e5 Rab7 17. b3 Qa5 18. Rc1 Rb4 19. Bg3 dxe5 20. Nxe5 Rd4 21. Qe1
Nxe5 22. Bxe5 Bxe5 23. Rxe5 Nb4 24. Rxe7 Nxd5 25. Re8+ Rxe8 26. Qxe8+ Kg7 27.
Nxd5 Rxd5 28. Qe2 h5 29. h4 Rf5 30. g3 Qb4 31. Rc4 Qa5 32. Re4 Qc3 33. Rc4 Qa1+
34. Kg2 Qf6 35. Re4 Qc6 36. Kg1 Qd5 37. Re8 Qd4 38. Re3 Qa1+ 39. Kg2 Qd4 40. Re4
Qd5 41. Kg1 Qd6 42. a4 Qf6 43. Qe1 Rf3 44. Re3 Rf5 45. a5 Qa6 46. Qc3+ Rf6 47.
Rf3 Qe6 48. Qxf6+ Qxf6 49. Rxf6 Kxf6 50. a6 c4 51. bxc4 1-0

[Event "33rd Leon Blitz Open 2020"]
[Site "chess.com INT"]
[Date "2020.07.14"]
[Round "1"]
[White "Piorun, Kacper"]
[Black "Herrera Reyes, Jose Antonio"]
[Result "1-0"]
[WhiteTitle "GM"]
[BlackTitle "FM"]
[WhiteElo "2601"]
[BlackElo "2304"]
[WhiteFideId "1130420"]
[BlackFideId "2274914"]
[EventDate "2020.07.14"]
[EventType "blitz"]

1. e4 c5 2. Nf3 e6 3. c3 Qa5 4. Be2 b5 5. O-O Bb7 6. e5 a6 7. a4 Qb6 8. d4 d6 9.
Be3 dxe5 10. Nxe5 Nf6 11. axb5 axb5 12. Rxa8 Bxa8 13. Na3 c4 14. Naxc4 bxc4 15.
d5 Qc7 16. Qa4+ Kd8 17. Qxa8 Qxe5 18. dxe6 Bd6 19. g3 Qd5 20. Qa4 Qxe6 21. Bxc4
Qd7 22. Bb5 Qc7 23. Bg5 Nd7 24. Rd1 Ke7 25. Bxd7 Qxd7 26. Bxf6+ gxf6 27. Re1+
Kd8 28. Qa8+ Qc8 29. Qd5 Qd7 30. c4 Be5 31. Qa8+ Qc8 32. Qa5+ Ke7 33. Qb4+ Ke6
34. f4 Qb8 35. Qc5 Qxb2 36. fxe5 fxe5 37. Qc6+ Ke7 38. Rf1 Qd4+ 39. Kh1 Rd8 40.
Qf6+ Kd7 41. Qxf7+ Kc8 42. Qxh7 Qxc4 43. Qf5+ Kb7 44. Rb1+ Kc6 45. Qf6+ Rd6 46.
Qxe5 Qc2 47. Qb5+ Kc7 48. Qb8+ Kd7 49. Rb7+ Ke6 50. Qe8+ Kd5 51. Rb5+ Kd4 52.
Qe5+ 1-0

[Event "33rd Leon Blitz Open 2020"]
[Site "chess.com INT"]
[Date "2020.07.14"]
[Round "1"]
[White "Kotsur, Pavel"]
[Black "Mahitosh, Dey"]
[Result "1-0"]
[WhiteTitle "GM"]
[BlackTitle "FM"]
[WhiteElo "2517"]
[BlackElo "2254"]
[WhiteFideId "13700278"]
[BlackFideId "25091468"]
[EventDate "2020.07.14"]
[EventType "blitz"]

1. e4 e5 2. Nf3 Nc6 3. Bb5 a6 4. Ba4 Nf6 5. O-O b5 6. Bb3 Bb7 7. d3 Bc5 8. Be3
d6 9. a3 O-O 10. Bg5 h6 11. Bh4 g5 12. Bg3 Ne7 13. Nc3 Ng6 14. Re1 Nf4 15. d4
exd4 16. Nxd4 Bxd4 17. Qxd4 Ne6 18. Bxe6 fxe6 19. e5 Nh5 20. exd6 Nxg3 21. hxg3
Rf6 22. Rad1 e5 23. Qxe5 cxd6 24. Qe7 Qxe7 25. Rxe7 Bc6 26. Nd5 Bxd5 27. Rxd5
Rc8 28. c3 Kf8 29. Re2 Re8 30. Kf1 Rxe2 31. Kxe2 Ke7 32. a4 bxa4 33. Ra5 Re6+
34. Kf1 Re4 35. f3 Rc4 36. Ke2 Rc6 37. Rxa4 Rb6 38. b4 Rc6 39. Kd3 d5 40. Ra1
Re6 41. Ra2 Kd7 42. Kd4 Rd6 43. Re2 Rc6 44. Re5 Rc4+ 45. Kd3 Kd6 46. Re8 Rc6 47.
g4 Kd7 48. Rh8 Rd6 49. Kd4 Kc6 50. Ke5 Rg6 51. Re8 Kd7 52. Ra8 Rd6 53. Ra7+ 1-0

[Event "33rd Leon Blitz Open 2020"]
[Site "chess.com INT"]
[Date "2020.07.14"]
[Round "1"]
[White "Pham, Le Thao Nguyen"]
[Black "Henriquez Villagra, Cristobal"]
[Result "0-1"]
[WhiteTitle "IM"]
[BlackTitle "GM"]
[WhiteElo "2366"]
[BlackElo "2600"]
[WhiteFideId "12401226"]
[BlackFideId "3409350"]
[EventDate "2020.07.14"]
[EventType "blitz"]

1. d4 Nf6 2. Nf3 g6 3. Bg5 Bg7 4. e3 O-O 5. Be2 d6 6. O-O Nbd7 7. c4 b6 8. Nc3
Bb7 9. Qc2 e6 10. Rfd1 Qe7 11. h3 h6 12. Bh4 g5 13. Bg3 Nh5 14. Bh2 f5 15. Ne5
dxe5 16. Bxh5 e4 17. Bxc7 Nf6 18. Nb5 Nxh5 19. Bd6 Qd7 20. Bxf8 Rxf8 21. d5 exd5
22. Qb3 f4 23. cxd5 f3 24. g4 Nf6 25. d6+ Kh8 26. Nc7 Nxg4 27. Qe6 Ne5 28. Qxd7
Nxd7 29. Ne6 Rc8 30. Nxg7 Kxg7 31. Rac1 Rc5 32. b4 Rc6 33. Rxc6 Bxc6 34. Rc1 Bb5
35. Rc8 Kf6 36. Rh8 Kg6 37. Re8 a6 38. Rxe4 Kf5 39. Re7 Nf6 40. Rb7 Nd7 41. Rc7
Ke6 42. Rc8 Kxd6 43. Rh8 Ke5 44. Rxh6 Nf6 45. Rh8 Be8 46. Kh2 Ke6 47. e4 Kf7 48.
e5 Kg7 49. exf6+ Kxh8 50. Kg3 Bd7 51. Kxf3 Kg8 52. Ke4 Kf7 53. Ke5 Bxh3 54. a3
Bg4 55. Kd6 Kxf6 56. Kc6 b5 57. Kb7 Bd1 58. Kxa6 Ba4 59. Kb6 Kf5 60. Kc5 Kf4 61.
Kd5 Kf3 62. Ke5 g4 63. Kf5 Bd1 64. Ke5 Kxf2 65. Kd4 g3 0-1

[Event "33rd Leon Blitz Open 2020"]
[Site "chess.com INT"]
[Date "2020.07.14"]
[Round "1"]
[White "Onischuk, Vladimir"]
[Black "Tanaka, Taira Tyler"]
[Result "0-1"]
[WhiteTitle "GM"]
[BlackTitle "CM"]
[WhiteElo "2633"]
[BlackElo "2107"]
[WhiteFideId "14114038"]
[BlackFideId "7002351"]
[EventDate "2020.07.14"]
[EventType "blitz"]

1. e4 c5 2. Nc3 Nc6 3. Bb5 g6 4. Nf3 Bg7 5. O-O Nd4 6. Nxd4 cxd4 7. Ne2 a6 8.
Bc4 e6 9. d3 Ne7 10. Bb3 O-O 11. a4 d5 12. exd5 Nxd5 13. Bd2 b6 14. Re1 Bb7 15.
Ng3 Rc8 16. Ne4 Qc7 17. Qf3 Qc6 18. Qh3 Nf6 19. Nxf6+ Bxf6 20. Re2 Qd6 21. Rae1
Bd5 22. Bxd5 Qxd5 23. Bh6 Bg7 24. Bxg7 Kxg7 25. Qg3 Rc6 26. f3 Rfc8 27. Qf2 Rc5
28. b3 a5 29. Rd2 Rc3 30. Re4 Rd8 31. h3 Qc5 32. Rde2 h5 33. h4 Rc8 34. Re5 Qd6
35. R5e4 Qc5 36. Re5 Qd6 37. Rb5 R3c5 38. Rxc5 Rxc5 39. Re4 e5 40. Re2 Qc7 41.
Qg3 Rxc2 42. Rxc2 Qxc2 43. Qxe5+ Kg8 44. Qxd4 Qxb3 45. Kf2 b5 46. axb5 Qxb5 47.
Ke3 a4 48. Qc3 Qb6+ 49. d4 Qd6 50. Kd3 a3 51. Qb3 Qa6+ 52. Kc2 a2 53. Qb8+ Kh7
54. Qc7 Qa4+ 0-1

[Event "33rd Leon Blitz Open 2020"]
[Site "chess.com INT"]
[Date "2020.07.14"]
[Round "1"]
[White "Navalgund, Niranjan"]
[Black "Moiseenko, Alexander"]
[Result "1-0"]
[WhiteTitle "FM"]
[BlackTitle "GM"]
[WhiteElo "2289"]
[BlackElo "2620"]
[WhiteFideId "5030854"]
[BlackFideId "14102560"]
[EventDate "2020.07.14"]
[EventType "blitz"]

1. d4 Nf6 2. c4 e6 3. g3 Bb4+ 4. Bd2 c5 5. Bxb4 cxb4 6. Bg2 O-O 7. a3 bxa3 8.
Rxa3 Nc6 9. e3 d6 10. Ne2 e5 11. O-O Bf5 12. Nbc3 h6 13. h3 a5 14. Nb5 e4 15.
Nf4 Qd7 16. Kh2 Nb4 17. d5 b6 18. Nd4 Rac8 19. b3 Bh7 20. Ra1 Rfe8 21. Qd2 g5
22. Nfe2 Kg7 23. Nc3 Qe7 24. Rae1 Bg6 25. f4 exf3 26. Rxf3 Nd7 27. Nf5+ Bxf5 28.
Rxf5 Ne5 29. Ref1 Rf8 30. Qd4 Rb8 31. Kh1 f6 32. Be4 Na6 33. Bb1 Nc5 34. Qd1
Rbe8 35. Qc2 Ned3 36. Nd1 Qe4+ 37. Kh2 Qe7 38. Nf2 Nb4 39. Qd1 Qxe3 40. Rf3 Qe2
41. Qd4 Qxf1 42. Bf5 Re1 43. h4 Re2 44. hxg5 hxg5 45. Bh3 Nbd3 46. Bxf1 Rxf2+
47. Rxf2 Nxf2 48. Qxf2 Nd7 49. Qf5 Ne5 50. Qe6 g4 51. Bg2 Rd8 52. Qe7+ Nf7 53.
Be4 Rh8+ 54. Kg2 Rh5 55. Qe6 Re5 56. Qxg4+ Ng5 57. Qd7+ Kh6 58. Bd3 Re3 59. Qf5
Rf3 60. Qg6# 1-0